More Images That Start With 'C' Quiz Stats

Quiz Updated Aug 4, 2015

Also try: Easier 'C' Images
Challenge
Share
Tweet
Score 0/20 Timer 04:00
2 Plays Today
% Correct
chopsticks
97%
casket
96.6%
crocodile
95.1%
crutches
93.9%
cheetah
93.8%
cracker
91.5%
cotton
90.6%
cube
89.3%
cantaloupe
88.5%
clogs
86.8%
% Correct
crêpe
86.4%
conductor
85.5%
coop
82.7%
chameleon
78.9%
cleaver
77.8%
cockroach
74.9%
circus
74.8%
centipede
71.8%
colt
69.4%
carp
48.9%

You're not logged in!

Compare scores with friends on all Sporcle quizzes.
Join for Free
OR
Log In

You Might Also Like...

Show Comments

Extras

Top Quizzes Today


Score Distribution

Your Account Isn't Verified!

In order to create a playlist on Sporcle, you need to verify the email address you used during registration. Go to your Sporcle Settings to finish the process.

Report this User

Report this user for behavior that violates our Community Guidelines.

Details: